[Event "GER-ch U12"]
[Site "Willingen"]
[Date "2018.05.22"]
[Round "5"]
[White "Morczynski, Joachim"]
[Black "Ljuca, Semir"]
[Result "1-0"]
[WhiteElo "1586"]
[BlackElo "1367"]
[PlyCount "77"]
[EventDate "2018.05.19"]
[EventType "swiss"]
[EventRounds "11"]
[EventCountry "GER"]
[SourceTitle "CBM 184 Extra"]
[Source "ChessBase"]
[SourceDate "2018.06.28"]
[SourceVersion "1"]
[SourceVersionDate "2018.06.28"]
[SourceQuality "1"]

1. e4 c5 2. Nf3 d6 3. d4 cxd4 4. Qxd4 a6 5. c4 Nc6 6. Qe3 Bg4 7. Nc3 Bxf3 8. Qxf3 e6 9. Be3 Nf6 10. a3 Be7 11. Be2 Ne5 12. Qg3 Rc8 13. b3 b5 14. c5 Ng6 15. c6 Rxc6 16. Bd2 0-0 17. h4 Kh8 18. f4 Nxe4 19. Nxe4 Bxh4 20. Rxh4 Qxh4 21. Qxh4 Nxh4 22. g3 Nf5 23. a4 Nd4 24. axb5 axb5 25. Bd1 d5 26. Ng5 Nc2+ 27. Bxc2 Rxc2 28. Nxf7+ Kg8 29. Ng5 Re8 30. Nf3 Rcc8 31. Ke2 Kf7 32. Kd3 Kf6 33. g4 Red8 34. Bc3+ Kg6 35. Ne5+ Kf6 36. Ra7 Rf8 37. Nf3+ Kg6 38. Nh4+ Kh6 39. Bxg7# 1-0